Informačný systém literárneho a hudobného múzea v notácii UML : Diplomová práca

Uložené v:
Podrobná bibliografia
Hlavný autor: Láska, Mário (Autor)
Ďalší autori: Moravčík, Oliver, 1952- (xxx)
Médium: Rukopis Kniha
Jazyk:Slovak
Vydavateľské údaje: Trnava : STU v Bratislave MtF KAIA, 2006
Predmet:
Tagy: Pridať tag
Žiadne tagy, Buďte prvý, kto otaguje tento záznam!

MARC

LEADER 00000ntm a22000003a 4500
001 stu123958
005 20160719155447.5
008 060724s2006----xo------------------slo-d
040 |a STU  |b slo 
041 0 |a slo 
044 |a xo 
100 1 |a Láska, Mário  |4 aut 
245 1 |a Informačný systém literárneho a hudobného múzea v notácii UML :  |b Diplomová práca 
260 |a Trnava :  |b STU v Bratislave MtF KAIA,  |c 2006 
300 |a 71 s  |c 1 CD 
650 7 |a aplikovaná informatika a automatizácia v priemysle  |2 stusub 
650 7 |a informačné systémy  |2 stusub 
700 1 |a Moravčík, Oliver,  |d 1952-  |4 xxx  |u M6000  |U MTF Materiálovotechnologická fakulta  |T MTF Ústav aplikovanej informatiky, automatizácie a matematiky  |X 268  |U M6000  |Y 86  |7 A000000268 
700 1 |a Kebísek, Michal,  |d 1974-  |4 csl  |u M6000  |U MTF Materiálovotechnologická fakulta  |T MTF Ústav aplikovanej informatiky, automatizácie a matematiky  |X 2798  |U M6000  |Y 86  |7 A000002798 
996 |b 284M073724  |c M*DP-6305  |l MMSKP  |s P  |a 0  |w stu123958_0001